Statistics for Pokémon with the Abilty Weak Armor

Click here to take the quiz!

General Stats

  • This quiz has been taken 11 times
  • The average score is 16 of 18

Answer Stats

GenAnswer% Correct
VBoldore
100%
VGarbodor
100%
IKabuto
100%
IKabutops
100%
IIMagcargo
100%
IOmanyte
100%
IOmastar
100%
VRoggenrola
100%
VCrustle
89%
VDwebble
89%
VMandibuzz
89%
IISlugma
89%
VVanillish
89%
VVanillite
89%
VVanilluxe
89%
VVullaby
89%
IOnix
78%
IISkarmory
56%

Score Distribution

Percentile by Number Answered

Percent of People with Each Score

Your Score History

You have not taken this quiz